Type-in Geological Features of the Sahara - Statistics

General Stats
  • This quiz has been taken 14 times
    10 since last reset
  • The average score is 5 of 10
Answers on the Map
Answers color-coded by a green-red scale on the quiz's map according to % correct below.
 
Answer Stats
Answer % Correct
Atlas Mountans
100%
Lake Chad
100%
Nile River
100%
Hoggar Mountains
43%
Great Sand Sea
29%
Richat Structure
29%
Tibesti Mountains
29%
Adrar del Ifoghas
14%
Air Mountains
14%
Nubian Sandstone Aquifer
14%
No matching quizzes found
Score Distribution
Percent of People with Each Score
Percentile by Number Answered
Your Score History
You have not taken this quiz since the last reset